Called & committed: (Record no. 13099)

000 -LEADER
fixed length control field 00649nam a2200193 a 4500
001 - CONTROL NUMBER
control field :::00010917$&:&@@
003 - CONTROL NUMBER IDENTIFIER
control field OkBaRHE
005 - DATE AND TIME OF LATEST TRANSACTION
control field 20000607103404.0
008 - FIXED-LENGTH DATA ELEMENTS--GENERAL INFORMATION
fixed length control field s1982 j 000 0 eng u
020 ## - INTERNATIONAL STANDARD BOOK NUMBER
International Standard Book Number 0877881014
040 ## - CATALOGING SOURCE
Transcribing agency
100 1# - MAIN ENTRY--PERSONAL NAME
Personal name Watson, David C. K. 1933-
9 (RLIN) 598
245 10 - TITLE STATEMENT
Title Called & committed:
Remainder of title world-changing discipleship.
260 ## - PUBLICATION, DISTRIBUTION, ETC. (IMPRINT)
Place of publication, distribution, etc Wheaton, IL., :
Name of publisher, distributor, etc Harold Shaw Publishers
Date of publication, distribution, etc c1982
300 ## - PHYSICAL DESCRIPTION
Extent xii, 226 p. ;
Dimensions 22 cm.
650 ## - SUBJECT ADDED ENTRY--TOPICAL TERM
Topical term or geographic name as entry element Christian Life
General subdivision 1960-
9 (RLIN) 599
942 ## - ADDED ENTRY ELEMENTS (KOHA)
Source of classification or shelving scheme
Koha item type Books
Copies
Copy number Not for loan Source of classification or shelving scheme Permanent Location Full call number Koha item type Barcode Price effective from Damaged status Lost status Shelving location Withdrawn status Date acquired Date last seen
1  RHEMA Bible Training CollegeBV 4501.2 .W377Books109172010-04-14  General Stacks 2010-04-142011-02-10